| 000 | 00794nam a2200229 i 4500 | ||
|---|---|---|---|
| 001 | 55565 | ||
| 003 | ES-MaACL | ||
| 005 | 20250823085843.0 | ||
| 007 | t| | ||
| 008 | 030923s1954 sp ||||1| spa d | ||
| 100 | 1 |
_aDescartes, René, _d1596-1650 _943838 |
|
| 245 | 1 | 0 |
_aDiscurso del método / _cRené Descartes ; traducción, estudio preliminar y notas de Risieri Frondizi. |
| 250 | _aEd. biblingüe. | ||
| 260 |
_aMadrid : _bUniversidad de Puerto Rico, _c[1954] ( _fAltamira) |
||
| 300 |
_aXC, 236 p., 9 lám. ; _c19 cm. |
||
| 490 | 1 | _aBiblioteca de cultura básica | |
| 700 | 1 |
_aFrondizi, Risieri. _952737 |
|
| 710 | 2 |
_aUniversidad de Puerto Rico _97273 |
|
| 830 | 0 |
_aBiblioteca de cultura básica _9181999 |
|
| 852 |
_aES-MaACL _jC-8410 _bR.36492 |
||
| 999 |
_c55565 _d55565 |
||